00724na a2200217 450000100060000000300080000600500170001400800410003102000180007203500100009004000250010008200370012524500650016226000530022730000350028050400200031560000540033560000610038965000250045070000310047516237MIRAKIL20181213155026.0161001b tu 000 0  a9789751735751 a16237 aMilasbturcTR-AnCHP a927.59 Eyüboğlu,B.bB32 2011 aBedri Rahmi EyüboğlucEditör Ömer Faruk Eyüboğlu aAnkarabKültür ve Turizm Bakanlığıc2011 a468 s.bfotğ. , res.c34 sm. aKaynakça var. aEyuboğlu, Bedri Rahmid1911-1975xSanat hayatı aEyuboğlu, Bedri Rahmid1911-1975xYaşamöyküsü  aRessamlarzTürkiye aEyüboğlu, Ömer Faruk